Probabilidad y estadística
Shranjeno v:
| Main Authors: | , , , |
|---|---|
| Format: | Knjiga |
| Jezik: | španščina |
| Izdano: |
Ciudad de México
McGraw-Hill
2010
|
| Izdaja: | 3a. ed |
| Teme: | |
| Oznake: |
Označite
Brez oznak, prvi označite!
|
MARC
| LEADER | 00000cam a2200000 a 4500 | ||
|---|---|---|---|
| 001 | UCG9520 | ||
| 003 | CL-VaPUC | ||
| 008 | 120316e20100000MX |||||||||||||||||spa|d | ||
| 020 | |a 9786071502704 | ||
| 082 | 0 | 4 | |a 519.5 |b SPI |2 21 |
| 100 | 0 | |a Spiegel, Murray R |e author |9 366 | |
| 700 | 0 | |a Schiller, John J |e author |9 561118 | |
| 700 | 0 | |a Srinivasan, R. Alu |e author |9 561119 | |
| 700 | 0 | |a Stephens, Molly |e author |9 561120 | |
| 245 | 1 | 0 | |a Probabilidad y estadística |
| 250 | |a 3a. ed | ||
| 300 | |a 425 p | ||
| 942 | |c BK | ||
| 945 | |d 20120316 00:00:00 |a dcastane | ||
| 260 | |a Ciudad de México |b McGraw-Hill |c 2010 | ||
| 650 | 0 | |a Estadística matemática |9 260028 | |
| 650 | 0 | |a Probabilidades |9 260199 | |
| 650 | 0 | |a Métodos estadísticos |9 259407 | |
| 583 | |a last modification |c 20120320 01:13:47 |k Rodrigo Vera | ||
| 999 | |c 347068 |d 347066 | ||